000 01142nam a2200265Ia 4500
999 _c34767
_d34767
001 576
003 GE_BSU
005 20210211132721.0
008 181216s2010||||ge |||||||||||||| ||geo||
020 _a978994110259
040 _cGE_BSU
041 _ageo
080 _a1(075.8) ფ-562
100 _aბრაჭული, ირაკლი
_910107
245 _aფილოსოფიის შესავალი
_cზაქარიაძე,ანასტასია; რამიშვილი,ვალერიან; ჯალაღონია,დემურ.
250 _aგამოც.მე-2
264 _aთბილისი :
_bმერიდიანი,
_c2010.
300 _a355 გვ.
653 _aფილოსოფია
653 _aფილოსოფიის შესავალი
700 _aზაქარიაძე, ანასტასია
_eავტორი
_910108
700 _4რამიშვილი, ვალერიან
_eავტორი
_910109
700 _4ჯალაღონია, დემურ
_eავტორი
_910109
942 _cBK
_2udc